Name that Anime by Picture pt.2 - Statistics

General Stats
  • This quiz has been taken 104 times
  • The average score is 25 of 48
Answer Stats
Picture Answer % Correct
Naruto
99%
Pokemon
93%
My Hero Academia
92%
The Seven Deadly Sins
92%
Fullmetal Alchemist
91%
Spy x Family
91%
Dragon Ball Z
89%
Black Clover
85%
Chainsaw Man
85%
Sword Art Online
84%
Tokyo Revengers
80%
Fire Force
76%
Violet Evergarden
75%
Fairy Tail
74%
Yu-Gi-Oh!
74%
Berserk
73%
Vinland Saga
71%
Oshi no Ko
68%
Inuyasha
67%
Beastars
62%
Darling in The Franxx
61%
Slam Dunk
58%
Toradora!
49%
Kaguya-Sama: Love is War
48%
That Time I got Reincarnated as a Slime
48%
Noragami
47%
Fate
44%
Kaiju No 8
44%
The Disastrous Life of Saiki K
42%
The Quintessential Quintuplets
41%
Yu Yu Hakusho
40%
Delicious in Dungeon
39%
Little Witch Academia
33%
Assasination Classroom
31%
Kamisama Kiss
31%
Tower of God
31%
Kuroko Basketball
22%
orange
22%
Puella Magi Madoka Magica
20%
Buddy Daddies
18%
Tamako Market
15%
Skip and Loafer
14%
Welcome to Demon School! Iruma-Kun
14%
Claymore
13%
Higurashi When They Cry
12%
RWBY
11%
Daily Lives of Highschool Boys
7%
Prison Life
0%
No matching quizzes found
Score Distribution
Percent of People with Each Score
Percentile by Number Answered
Your Score History
You have not taken this quiz